[Event "POL-chT2 U18"]
[Site "Augustow"]
[Date "1996.??.??"]
[Round "?"]
[White "Izbinski, Bartlomiej"]
[Black "Pelec, Grzegorz"]
[Result "1-0"]
[WhiteElo "2215"]
[BlackElo "2105"]
[PlyCount "86"]
[EventDate "1996.??.??"]
[EventType "team-tourn"]
[EventRounds "10"]
[EventCountry "POL"]
[SourceTitle "EXT 2003"]
[Source "ChessBase"]
[SourceDate "2002.11.25"]
[SourceVersion "1"]
[SourceVersionDate "2002.11.25"]
[SourceQuality "1"]

1. e4 e6 2. d4 d5 3. Nc3 Nf6 4. Bg5 dxe4 5. Nxe4 Be7 6. Bxf6 gxf6 7. Nf3 b6 8. Bd3 Bb7 9. c3 c6 10. Nfd2 Nd7 11. f4 Qc7 12. Rf1 0-0-0 13. Qe2 Kb8 14. 0-0-0 c5 15. dxc5 Nxc5 16. Nxc5 Qxc5 17. Be4 f5 18. Bxb7 Kxb7 19. Nb3 Qc7 20. g3 Bf6 21. Qb5 Ka8 22. a4 Rxd1+ 23. Rxd1 Rd8 24. a5 Qb7 25. a6 Rxd1+ 26. Kxd1 Qh1+ 27. Kc2 Qe4+ 28. Qd3 Qc6 29. Nd4 Bxd4 30. Qxd4 Qe4+ 31. Kb3 Qxd4 32. cxd4 Kb8 33. Kc4 Kc7 34. d5 Kd7 35. dxe6+ fxe6 36. Kd4 Kd6 37. h3 h5 38. h4 Kd7 39. Ke5 Ke7 40. b3 b5 41. b4 Kd7 42. Kf6 Kd6 43. Kg5 Kd5 1-0

[Event "POL-chT2 U18"]
[Site "Augustow"]
[Date "1996.??.??"]
[Round "?"]
[White "Pelec, Grzegorz"]
[Black "Bielawski, Przemyslaw"]
[Result "0-1"]
[WhiteElo "2105"]
[BlackElo "2195"]
[PlyCount "72"]
[EventDate "1996.??.??"]
[EventType "team-tourn"]
[EventRounds "10"]
[EventCountry "POL"]
[SourceTitle "EXT 2003"]
[Source "ChessBase"]
[SourceDate "2002.11.25"]
[SourceVersion "1"]
[SourceVersionDate "2002.11.25"]
[SourceQuality "1"]

1. d4 Nf6 2. c4 c5 3. d5 b5 4. cxb5 a6 5. Nc3 axb5 6. Nxb5 Ba6 7. Nc3 g6 8. Nf3 d6 9. e4 Bxf1 10. Kxf1 Bg7 11. g3 0-0 12. Kg2 Nbd7 13. Be3 Ng4 14. Qe2 Nxe3+ 15. Qxe3 Qa5 16. h4 Rfb8 17. Rab1 Nb6 18. Nd2 Na4 19. Nd1 Nxb2 20. Nxb2 Bxb2 21. Nc4 Qxa2 22. Qe2 Qa6 23. h5 Bd4 24. hxg6 hxg6 25. Qc2 Kg7 26. Rxb8 Rxb8 27. Qc1 Qa2 28. Qh6+ Kg8 29. Ne3 Rb2 30. Ng4 Bg7 31. Qg5 Kf8 32. Rh7 Qc4 33. Qf4 Rb4 34. Kf3 f5 35. Rxg7 Qxe4+ 36. Qxe4 fxe4+ 0-1